Statistics for All UEFA Europa League Teams Ever

Click here to take the quiz!

General Stats

  • This quiz has been taken 9,551 times
    (1,727 since last reset)
  • The average score is 112 of 235

Answer Stats

CountryTeams% Correct
EnglandManchester United
90%
EnglandArsenal
88%
EnglandManchester City
88%
EnglandLiverpool
87%
EnglandChelsea
85%
FranceParis Saint-Germain
84%
EnglandTottenham Hotspur
84%
ItalyMilan
83%
NetherlandsAjax
82%
ItalyInter Milan
82%
SpainBarcelona
81%
PortugalPorto
81%
GermanyBorussia Dortmund
80%
ScotlandCeltic
80%
ItalyRoma
80%
PortugalSporting CP
80%
PortugalBenfica
79%
ScotlandRangers
79%
SpainAtlético Madrid
78%
ItalyJuventus
78%
FranceMarseille
78%
CroatiaDinamo Zagreb
77%
FranceLyon
77%
NetherlandsPSV Eindhoven
77%
AustriaRapid Wien
77%
AustriaRed Bull Salzburg
77%
SpainSevilla
77%
EnglandWest Ham United
77%
NetherlandsFeyenoord
76%
GreeceAEK Athens
75%
UkraineDynamo Kyiv
75%
ItalyLazio
75%
ItalyNapoli
75%
Czech RepublicSparta Prague
75%
DenmarkCopenhagen
74%
GermanyBayer Leverkusen
73%
TurkeyGalatasaray
73%
FranceLille
73%
BelgiumClub Brugge
72%
SerbiaCrvena zvezda
72%
GreeceOlympiacos
72%
BelgiumAnderlecht
71%
SpainAthletic Bilbao
71%
PortugalBraga
71%
RussiaCSKA Moscow
71%
EnglandLeicester City
71%
EnglandNewcastle United
71%
UkraineShakhtar Donetsk
71%
SpainValencia
71%
CyprusAPOEL
70%
EnglandEverton
70%
FinlandHJK Helsinki
70%
PolandLegia Warsaw
70%
RussiaZenit Saint Petersburg
70%
TurkeyFenerbahçe
69%
GermanyHertha BSC
69%
SwedenMalmö
69%
EnglandWolverhampton Wanderers
68%
FranceMonaco
67%
GermanyRB Leipzig
67%
SpainVillarreal
67%
ItalyAtalanta
66%
SwitzerlandBasel
66%
BelgiumGenk
66%
GermanyHamburger SV
66%
TurkeyBeşiktaş
65%
FranceBordeaux
65%
CroatiaHajduk Split
65%
IsraelMaccabi Haifa
65%
SwitzerlandYoung Boys
65%
KazakhstanAstana
64%
ItalyFiorentina
64%
BelgiumGent
64%
SpainReal Betis
64%
EnglandBrighton & Hove Albion
63%
BelgiumRoyal Antwerp
63%
GermanySchalke 04
63%
Czech RepublicSlavia Prague
63%
FranceNantes
62%
SpainReal Sociedad
62%
GermanyVfL Wolfsburg
62%
AustriaAustria Wien
61%
GermanyEintracht Frankfurt
61%
EnglandFulham
61%
GreecePanathinaikos
61%
GermanyVfB Stuttgart
61%
SwitzerlandZürich
60%
NetherlandsAZ
59%
AzerbaijanQarabağ
59%
SlovakiaSlovan Bratislava
59%
GermanyWerder Bremen
59%
Germany1. FC Köln
58%
GermanyBorussia Mönchengladbach
58%
BelarusDinamo Minsk
58%
HungaryFerencváros
58%
FranceNice
58%
FranceRennes
58%
MoldovaSheriff Tiraspol
58%
RomaniaFCSB
57%
IsraelMaccabi Tel Aviv
57%
RussiaSpartak Moscow
57%
SerbiaPartizan
56%
AustriaSturm Graz
56%
ItalyTorino
56%
GreecePAOK
55%
GermanyUnion Berlin
55%
NorwayMolde
54%
EnglandSouthampton
53%
BelgiumStandard Liège
53%
FranceToulouse
53%
ItalyUdinese
52%
ItalyGenoa
51%
FranceLens
51%
RussiaLokomotiv Moscow
51%
NorwayRosenborg
51%
TurkeyTrabzonspor
51%
Czech RepublicViktoria Plzeň
51%
BelarusBATE Borisov
50%
RomaniaCFR Cluj
50%
NetherlandsTwente
50%
AustriaLASK
49%
PolandLech Poznań
49%
BulgariaLudogorets Razgrad
49%
CyprusOmonia Nicosia
48%
FranceSaint-Étienne
48%
NorwayBodø/Glimt
47%
GermanyHannover 96
47%
ItalySampdoria
47%
SpainCelta Vigo
46%
SloveniaMaribor
46%
Germany1899 Hoffenheim
45%
ItalyPalermo
45%
BulgariaCSKA Sofia
44%
UkraineDnipro Dnipropetrovsk
44%
SpainGetafe
44%
GermanyFreiburg
43%
Turkeyİstanbul Başakşehir
43%
RussiaRubin Kazan
42%
EnglandWigan Athletic
42%
EnglandBirmingham City
41%
DenmarkBrøndby
41%
SpainEspanyol
41%
RomaniaSteaua București
41%
BelgiumUnion Saint-Gilloise
41%
SwedenAIK
40%
RussiaKrasnodar
40%
ItalySassuolo
40%
NetherlandsUtrecht
40%
DenmarkAalborg
39%
IsraelHapoel Tel Aviv
39%
DenmarkMidtjylland
39%
Republic of IrelandShamrock Rovers
39%
PolandWisła Kraków
39%
GermanyMainz 05
38%
EnglandStoke City
38%
GermanyAugsburg
37%
EnglandSwansea City
37%
PortugalVitória de Guimarães
37%
RussiaRostov
35%
NetherlandsVitesse
35%
NetherlandsGroningen
34%
GreeceAris
33%
CyprusAris Limassol
33%
HungaryDebrecen
33%
RussiaDynamo Moscow
33%
SpainGranada
33%
IsraelHapoel Be'er Sheva
33%
CroatiaRijeka
33%
NetherlandsHeerenveen
31%
BulgariaLevski Sofia
30%
LuxembourgF91 Dudelange
29%
RussiaAnzhi Makhachkala
28%
UkraineMetalist Kharkiv
28%
CyprusAEK Larnaca
27%
PortugalRio Ave
27%
SwitzerlandServette
27%
AustriaWolfsberg
27%
UkraineZorya Luhansk
27%
Republic of IrelandDundalk
26%
UkraineKarpaty Lviv
26%
SpainLevante
25%
SwitzerlandLugano
24%
CyprusApollon Limassol
23%
DenmarkOdense
22%
TurkeySivasspor
22%
RomaniaDinamo București
21%
SwitzerlandLausanne-Sport
21%
PolandRaków Częstochowa
21%
SwitzerlandSion
21%
Czech RepublicSlovan Liberec
21%
SwitzerlandSt. Gallen
21%
SwitzerlandThun
21%
NorwayTromsø
21%
AlbaniaSkënderbeu
20%
PortugalBelenenses
19%
PortugalEstoril
19%
SerbiaTSC
19%
CyprusAEL Limassol
17%
FranceGuingamp
17%
SwedenHäcken
17%
SwedenHelsingborg
17%
TurkeyKonyaspor
17%
AzerbaijanNeftçi
17%
SlovakiaSpartak Trnava
17%
HungaryVidi
17%
PortugalMarítimo
16%
North MacedoniaVardar
16%
BelgiumZulte Waregem
16%
AzerbaijanGabala
15%
GreeceAsteras Tripoli
14%
PortugalPaços de Ferreira
14%
RomaniaRapid București
14%
Czech RepublicJablonec
13%
PortugalAcadémica
12%
UkraineChornomorets Odesa
12%
SwedenElfsborg
12%
PortugalNacional
12%
RomaniaTimișoara
12%
RomaniaAstra Giurgiu
11%
SwedenÖstersund
11%
LatviaVentspils
11%
DenmarkEsbjerg
10%
Czech RepublicFastav Zlín
10%
RussiaKuban Krasnodar
10%
KazakhstanShakhter Karagandy
10%
RomaniaUnirea Urziceni
10%
UkraineVorskla Poltava
10%
BelgiumLokeren
9%
NorwaySarpsborg 08
9%
TurkeyOsmanlıspor
8%
IsraelIroni Kiryat Shmona
7%
UkraineOleksandriya
7%
TurkeyAkhisarspor
6%
RomaniaPandurii Târgu Jiu
6%
RomaniaVaslui
6%

Score Distribution

Percentile by Number Answered

Percent of People with Each Score

Your Score History

You have not taken this quiz since the last reset